000 00290nam a22001337a 4500
008 170324b xxu||||| |||| 00| 0 eng d
020 _a9780077350031
041 _aeng
080 _29TH
_a611
100 _a6
101 _aSHM
245 _aANATOMY&pHYSIOLOGY
_cRUSSO, V.R
942 _2udc
_cBK
999 _c8534
_d8534